|
|
|
|
| LEADER |
00921pam a22002538a 4500 |
| 001 |
00020675 |
| 005 |
20171026081023.0 |
| 008 |
110519s1981 ||||||Viesd |
| 041 |
0 |
# |
|a Vie
|
| 082 |
1 |
4 |
|a 535.071
|b QU106H
|
| 100 |
0 |
# |
|a Huỳnh Huệ
|e biên soạn
|
| 245 |
0 |
0 |
|a Quang học
|c Huỳnh Huệ, Phạm Hồng Tuất
|
| 260 |
# |
# |
|a H.
|b Giáo dục
|c 1981
|
| 300 |
# |
# |
|a 298 tr.
|c 21 cm.
|
| 490 |
# |
# |
|a Sách đại học sư phạm
|
| 650 |
# |
4 |
|a Quang học
|
| 653 |
# |
# |
|a Giáo trình
|
| 700 |
0 |
# |
|a Phạm Hồng Tuất
|e biên tập
|
| 852 |
# |
# |
|b Kho giáo trình
|j KGT.0004738, KGT.0004739, KGT.0004740, KGT.0004741
|
| 852 |
# |
# |
|b Kho mượn
|j KGT.0004738
|
| 852 |
# |
# |
|b Kho đọc
|j KD.0005984
|
| 852 |
# |
# |
|j KGT.0004739
|j KGT.0004740
|j KGT.0004738
|j KGT.0004741
|j KD.0005984
|
| 910 |
0 |
# |
|a nhnam
|d 19/05/2011
|
| 980 |
# |
# |
|a Trung tâm Học liệu Lê Vũ Hùng, Trường Đại học Đồng Tháp
|